000 00697nam a2200205Ii 4500
003 JO-AjNU
008 230605s9999||||xx |||||||||||||| ||und||
040 _aJO-AjNU
_bara
_erda
_cJO-AjNU
041 _aara
050 1 4 _aBP89.A93 2001
100 3 _aتاليف العيادي، أحمد صبحي,
_eauthor
_911874
245 0 0 _aالمرتكزات الأساسية في الثقافة الإسلامية
250 _aط1
264 3 1 _aالعين: دار الكتاب الجامعي، 2001
300 _a487ص
336 _atext
_btxt
_2rdacontent
337 _aunmediated
_bn
_2rdamedia
338 _avolume
_bnc
_2rdacarrier
650 4 _aالاسلام -الثقافة الاسلامية
_911875
999 _aA2549
_c6117
_d6117